书目信息 |
| 题名: |
现代分子结构研究方法
|
|
| 作者: | 王祖陶 , 王祖陶 编著 | |
| 分册: | ||
| 出版信息: | 北京 科学出版社 1987 |
|
| 页数: | 288页 | |
| 开本: | 19cm | |
| 丛书名: | 化学知识丛书 | |
| 单 册: | ||
| 中图分类: | O561.1 | |
| 科图分类: | ||
| 主题词: | 分子物理学 , 原子物理学 | |
| 电子资源: | ||
| ISBN: | ||
| 000 | 00761nam2 2200277 45 | |
| 001 | 0187009337 | |
| 005 | 20060718112011.73 | |
| 010 | @dCNY1.95 | |
| 091 | @a13031.3620 | |
| 100 | @a19900903d1987 em y0chiy0121 ea | |
| 101 | 0 | @achi |
| 102 | @aCN@b110000 | |
| 105 | @ay z 000yy | |
| 200 | 10 | @a现代分子结构研究方法@Axian dai fen zi jie gou yan jiu fang fa@f王祖陶编著@FWang Zu Tao Bian Zhu |
| 210 | @a北京@c科学出版社@d1987 | |
| 215 | @a288页@d19cm | |
| 225 | 2 | @a化学知识丛书@h13 |
| 410 | 0 | @120010@a化学知识丛书 |
| 606 | 0 | @a分子物理学 |
| 606 | 0 | @a原子物理学 |
| 690 | @aO561.1@v3 | |
| 701 | 0 | @a王祖陶@Awang zu tao@4编著 |
| 701 | 0 | @a王祖陶@4编著 |
| 801 | 2 | @aCN@bNLC@c20060718 |
| 801 | 0 | @aCN@b深圳图书馆@c20040517 |
| 905 | @dO561.1@e28 | |
| 现代分子结构研究方法/王祖陶编著.-北京:科学出版社,1987 |
| 288页;19cm.-(化学知识丛书.13) |
| ISBN :CNY1.95 |
| ● |
| 相关链接 |
|
|
|
|
正题名:现代分子结构研究方法
索取号:O561.1/28
 
预约/预借
| 序号 | 登录号 | 条形码 | 馆藏地/架位号 | 状态 | 备注 |
| 1 | 0203481 | 001451351 | 第三借阅区/ [索取号:O561.1/28] | 在馆 | |
| 2 | 0203482 | 001941590 | 第三借阅区/ [索取号:O561.1/28] | 在馆 | |
| 3 | 0203483 | 001451360 | 第三借阅区/ [索取号:O561.1/28] | 在馆 | |
| 4 | 0203484 | 001451397 | 第三借阅区/ [索取号:O561.1/28] | 在馆 | |
| 5 | 0203485 | 202121550 | 第二样本阅览室/ [索取号:O561.1/28] | 在馆 | |
| 6 | 0432076 | 204320760 | 密集书库/ [索取号:O561.1/28] | 在馆 | |
| 7 | 0432280 | 204322802 | 密集书库/ [索取号:O561.1/28] | 在馆 |